000 00321nam a22001337a 4500
008 170529b xxu||||| |||| 00| 0 eng d
020 _a9781111644475
041 _aeng
080 _27 ED
_a62
100 _a27
101 _aIM
245 _aREFRIGEARTION AIR CONDITIONING TECHNOLOGY
_cWHITMAN.B.C
942 _2udc
_cBK
999 _c14735
_d14735